<?xml version="1.0" encoding="UTF-8"?>
<record
    xmlns:xsi="http://www.w3.org/2001/XMLSchema-instance"
    xsi:schemaLocation="http://www.loc.gov/MARC21/slim http://www.loc.gov/standards/marcxml/schema/MARC21slim.xsd"
    xmlns="http://www.loc.gov/MARC21/slim">

  <leader>03970nam a2200565Ia 4500</leader>
  <controlfield tag="001">588</controlfield>
  <controlfield tag="008">241029s9999    xx            000 0 und d</controlfield>
  <datafield tag="010" ind1=" " ind2=" ">
    <subfield code="a">537</subfield>
  </datafield>
  <datafield tag="041" ind1=" " ind2=" ">
    <subfield code="a">Espa&#xF1;ol</subfield>
  </datafield>
  <datafield tag="082" ind1=" " ind2=" ">
    <subfield code="a">NO APLICA</subfield>
  </datafield>
  <datafield tag="245" ind1=" " ind2="0">
    <subfield code="a">El empleo de los recursos tecnol&#xF3;gicos como medio de ense&#xF1;anza por los docentes para la formaci&#xF3;n de los estudiantes en la Facultad de Educaci&#xF3;n del CURNO-UASD.</subfield>
  </datafield>
  <datafield tag="260" ind1=" " ind2=" ">
    <subfield code="a">Valverde</subfield>
  </datafield>
  <datafield tag="300" ind1=" " ind2=" ">
    <subfield code="a">60</subfield>
  </datafield>
  <datafield tag="520" ind1=" " ind2=" ">
    <subfield code="a">29</subfield>
  </datafield>
  <datafield tag="630" ind1=" " ind2=" ">
    <subfield code="a">Ense&#xF1;anza</subfield>
  </datafield>
  <datafield tag="630" ind1=" " ind2=" ">
    <subfield code="a">Formaci&#xF3;n</subfield>
  </datafield>
  <datafield tag="630" ind1=" " ind2=" ">
    <subfield code="a">M&#xE9;todos</subfield>
  </datafield>
  <datafield tag="630" ind1=" " ind2=" ">
    <subfield code="a">Tecnolog&#xED;a Educativa</subfield>
  </datafield>
  <datafield tag="650" ind1=" " ind2=" ">
    <subfield code="a">Innovaci&#xF3;n Educativa</subfield>
  </datafield>
  <datafield tag="690" ind1=" " ind2=" ">
    <subfield code="a">Elaborado</subfield>
  </datafield>
  <datafield tag="700" ind1=" " ind2=" ">
    <subfield code="e">asesor</subfield>
    <subfield code="a">P&#xE9;rez Gonz&#xE1;lez, Olga Lidia</subfield>
  </datafield>
  <datafield tag="700" ind1=" " ind2=" ">
    <subfield code="e">autor</subfield>
    <subfield code="a">Cepeda P&#xE9;rez, Albania </subfield>
  </datafield>
  <datafield tag="700" ind1=" " ind2=" ">
    <subfield code="e">autor</subfield>
    <subfield code="a">Rodr&#xED;guez Sime, &#xC3;&#x81;frica Antonia </subfield>
  </datafield>
  <datafield tag="901" ind1=" " ind2=" ">
    <subfield code="a">{"1":"Cepeda P&#xE9;rez","2":"Rodr&#xED;guez Sime"}</subfield>
    <subfield code="b">{"1":"Albania ","2":"&#xC3;&#x81;frica Antonia "}</subfield>
  </datafield>
  <datafield tag="902" ind1=" " ind2=" ">
    <subfield code="a">1</subfield>
  </datafield>
  <datafield tag="903" ind1=" " ind2=" ">
    <subfield code="a">{"1":"P&#xE9;rez Gonz&#xE1;lez"}</subfield>
    <subfield code="b">{"1":"Olga Lidia"}</subfield>
  </datafield>
  <datafield tag="904" ind1=" " ind2=" ">
    <subfield code="a">M&#xE1;ster en</subfield>
  </datafield>
  <datafield tag="905" ind1=" " ind2=" ">
    <subfield code="a">Educaci&#xF3;n Superior</subfield>
  </datafield>
  <datafield tag="906" ind1=" " ind2=" ">
    <subfield code="a">2</subfield>
  </datafield>
  <datafield tag="907" ind1=" " ind2=" ">
    <subfield code="a">NO APLICA</subfield>
  </datafield>
  <datafield tag="908" ind1=" " ind2=" ">
    <subfield code="a">NO APLICA</subfield>
  </datafield>
  <datafield tag="909" ind1=" " ind2=" ">
    <subfield code="a">Universidad Aut&#xF3;noma de Santo Domingo (UASD)</subfield>
  </datafield>
  <datafield tag="910" ind1=" " ind2=" ">
    <subfield code="a">NULL</subfield>
    <subfield code="b">NULL</subfield>
  </datafield>
  <datafield tag="911" ind1=" " ind2=" ">
    <subfield code="a">["1"]</subfield>
  </datafield>
  <datafield tag="912" ind1=" " ind2=" ">
    <subfield code="a">NO APLICA</subfield>
  </datafield>
  <datafield tag="913" ind1=" " ind2=" ">
    <subfield code="a">NULL</subfield>
  </datafield>
  <datafield tag="914" ind1=" " ind2=" ">
    <subfield code="a">01 de Agosto de 2012</subfield>
  </datafield>
  <datafield tag="915" ind1=" " ind2=" ">
    <subfield code="a">08/12/19 06:12</subfield>
  </datafield>
  <datafield tag="916" ind1=" " ind2=" ">
    <subfield code="a">NULL</subfield>
  </datafield>
  <datafield tag="917" ind1=" " ind2=" ">
    <subfield code="a">NULL</subfield>
  </datafield>
  <datafield tag="918" ind1=" " ind2=" ">
    <subfield code="a">NO APLICA</subfield>
  </datafield>
  <datafield tag="919" ind1=" " ind2=" ">
    <subfield code="a">["202","200","213","191"]</subfield>
  </datafield>
  <datafield tag="520" ind1=" " ind2=" ">
    <subfield code="a">Como objetivo general la investigaci&#xF3;n se propuso elaborar una propuesta de capacitaci&#xF3;n que constituya al mejoramiento y dominio en la utilizaci&#xF3;n de los recursos tecnol&#xF3;gicos como medio de ense&#xF1;anza por los docentes de Educaci&#xF3;n para la formaci&#xF3;n de los estudiantes en la Facultad de Educaci&#xF3;n en el CURNO-UASD. &#xA0;Para el logro de este objetivo el dise&#xF1;o metodol&#xF3;gico utilizado, se trat&#xF3; de un estudio caracterizado fundamentalmente por ser un an&#xE1;lisis descriptivo profundo de la realidad del contexto en que se enmarca, analizando temas relativos a los recursos, las actuaciones y dotaciones concretas sobre tecnolog&#xED;a. As&#xED; como de la opini&#xF3;n de los estudiantes de la Facultad de Educaci&#xF3;n del CURNO-UASD sobre las necesidades de formaci&#xF3;n espec&#xED;fica que poseen derivadas del uso de las tecnolog&#xED;as de la informaci&#xF3;n y la comunicaci&#xF3;n docente universitaria. La poblaci&#xF3;n objeto de estudio fue de siete (7) docentes de Educaci&#xF3;n y quinientos tres (503) estudiantes, los cuales fueron elegidos al azar el 10% de los estudiantes y el total de los docentes.Los resultados arrojados reflejan que el 95% de los estudiantes y el 86% de los docentes encuestados consideran conveniente el uso de los recursos tecnol&#xF3;gicos para facilitarle el desempe&#xF1;o como docente. Se determin&#xF3; que los recursos tecnol&#xF3;gicos que m&#xE1;s utiliza el docente en las aulas son salas de trabajo, Internet, presentaciones en Power Point y correos electr&#xF3;nicos. Los que nunca utiliza son plantilla de c&#xE1;lculo Excel, conferencias en l&#xED;nea y foros de discusi&#xF3;n. Los directivos del CURNO-UASD en representaci&#xF3;n del Centro Universitario Mao no hacen ofertas de capacitaci&#xF3;n sobre la utilizaci&#xF3;n de los recursos tecnol&#xF3;gicos. Seg&#xFA;n los resultados obtenidos en la investigaci&#xF3;n el 71% de los docentes y el 65% de los estudiantes concuerdan con que la Universidad motiva a los futuros docentes a la implementaci&#xF3;n de recursos tecnol&#xF3;gicos como herramienta de ense&#xF1;anza-aprendizaje.Se recomienda que los directivos del CURNO-UASD, tomen medidas para que la aplicaci&#xF3;n de diplomados, talleres y cursos que realiza el Instituto del ITLA; se capaciten los docentes en la utilizaci&#xF3;n de los recursos tecnol&#xF3;gicos. Se recomienda, adem&#xE1;s, que debido a las dificultades que tienen los docentes con el empleo de los recursos tecnol&#xF3;gicos es importante que se implemente la propuesta de esta investigaci&#xF3;n.&#xA0;</subfield>
  </datafield>
  <datafield tag="921" ind1=" " ind2=" ">
    <subfield code="a">16</subfield>
  </datafield>
  <datafield tag="922" ind1=" " ind2=" ">
    <subfield code="a">16</subfield>
  </datafield>
  <datafield tag="923" ind1=" " ind2=" ">
    <subfield code="a">0</subfield>
  </datafield>
  <datafield tag="924" ind1=" " ind2=" ">
    <subfield code="a">NO APLICA</subfield>
  </datafield>
  <datafield tag="942" ind1=" " ind2=" ">
    <subfield code="c">Tesis</subfield>
  </datafield>
  <datafield tag="999" ind1=" " ind2=" ">
    <subfield code="c">537</subfield>
    <subfield code="d">537</subfield>
  </datafield>
</record>
